International Conference on Vehicle Condition Monitoring and Fault Diagnosis / (Record no. 9235)

MARC details
000 -LEADER
fixed length control field 01748nac a22003011u 4500
010 ## - LIBRARY OF CONGRESS CONTROL NUMBER
LC control number 85203090
020 ## - INTERNATIONAL STANDARD BOOK NUMBER
International Standard Book Number 0852985584 (pbk.) :
082 00 - DEWEY DECIMAL CLASSIFICATION NUMBER
Classification number 629.20287
Item number VEH
090 ## - LOCALLY ASSIGNED LC-TYPE CALL NUMBER (OCLC); LOCAL CALL NUMBER (OCLC)
-- 9235
-- 9235
100 ## - MAIN ENTRY--PERSONAL NAME
Personal name 20080729
111 2# - MAIN ENTRY--MEETING NAME
Meeting name or jurisdiction name as entry element International Conference on Vehicle Condition Monitoring and Fault Diagnosis
Date of meeting (1985 :
Location of meeting London, England)
245 10 - TITLE STATEMENT
Title International Conference on Vehicle Condition Monitoring and Fault Diagnosis /
Statement of responsibility, etc sponsored by the Automobile, Railway, and Power Industries Divisions of the Institution of Mechanical Engineers ; co-sponsored by the Institution of Technical Engineers in Mechanical Engineering ... [et al.], and held under the patronage of FISITA, 6-7 March, 1985, London.
260 ## - PUBLICATION, DISTRIBUTION, ETC. (IMPRINT)
Place of publication, distribution, etc London :
Name of publisher, distributor, etc Published for the Institution of Mechanical Engineers by Mechanical Engineering Publications,1985
Date of publication, distribution, etc 1985.
300 ## - PHYSICAL DESCRIPTION
Extent 146 p. :
Other physical details ill. ;
Dimensions 30 cm.
490 1# - Series Statement
Series statement IMechE conference publications ;
Volume/sequential designation 1985-2
500 ## - GENERAL NOTE
General note Title on cover: Vehicle condition monitoring and fault diagnosis.
500 ## - GENERAL NOTE
General note distributer: Al-Ahram
504 ## - BIBLIOGRAPHY, ETC. NOTE
Bibliography, etc Includes bibliographies.
511 ## - PARTICIPANT OR PERFORMER NOTE
Participant or performer note catalogued by: wessam
650 #0 - SUBJECT ADDED ENTRY--TOPICAL TERM
Topical term or geographic name as entry element Motor vehicles
General subdivision Testing
-- Congresses.
710 2# - ADDED ENTRY--CORPORATE NAME
Corporate name or jurisdiction name as entry element Institution of Mechanical Engineers (Great Britain).
Subordinate unit Automobile Division.
710 2# - ADDED ENTRY--CORPORATE NAME
Corporate name or jurisdiction name as entry element Institution of Mechanical Engineers (Great Britain).
Subordinate unit Railway Division.
710 2# - ADDED ENTRY--CORPORATE NAME
Corporate name or jurisdiction name as entry element Institution of Mechanical Engineers (Great Britain).
Subordinate unit Power Industries Division.
710 2# - ADDED ENTRY--CORPORATE NAME
Corporate name or jurisdiction name as entry element International Federation of Automobile Engineers' and Technicians' Associations.
740 0# - ADDED ENTRY--UNCONTROLLED RELATED/ANALYTICAL TITLE
Uncontrolled related/analytical title Vehicle condition monitoring and fault diagnosis.
830 #0 - SERIES ADDED ENTRY--UNIFORM TITLE
Uniform title I Mech E conference publications ;
942 ## - ADDED ENTRY ELEMENTS (KOHA)
Item type Book - Borrowing
Call number prefix 629.20287VEH
Holdings
Withdrawn status Item status Damaged status Not for loan Home library Current library Shelving location Date acquired Source of acquisition Total Checkouts Full call number Barcode Date last seen Koha item type
        Central Library Central Library First floor 22/04/2008 Purchase   629.20287VEH 000011040 15/07/2025 Book - Borrowing